000 00308nam a22001337a 4500
999 _c532928
_d532928
003 NUST
038 _aM.Ramzan
082 _a00000
_bNUS
100 _aNUST.
_91483
245 _aProceeding of International workshop edition../
260 _aIslamabad:
_bNUST,
_c2011.
300 _a307 p, :
942 _2ddc
_cBK